<?xml version="1.0" encoding="UTF-8"?>
<record
    xmlns:xsi="http://www.w3.org/2001/XMLSchema-instance"
    xsi:schemaLocation="http://www.loc.gov/MARC21/slim http://www.loc.gov/standards/marcxml/schema/MARC21slim.xsd"
    xmlns="http://www.loc.gov/MARC21/slim">

  <leader>01074cam a22002414a 4500</leader>
  <datafield tag="999" ind1=" " ind2=" ">
    <subfield code="c">57883</subfield>
    <subfield code="d">57883</subfield>
  </datafield>
  <controlfield tag="001">12427010</controlfield>
  <controlfield tag="005">20221107163101.0</controlfield>
  <controlfield tag="008">990324s2000    enka     b    001 0 eng  </controlfield>
  <datafield tag="020" ind1=" " ind2=" ">
    <subfield code="a">9781857750980   X</subfield>
  </datafield>
  <datafield tag="041" ind1=" " ind2=" ">
    <subfield code="a">eng</subfield>
  </datafield>
  <datafield tag="080" ind1=" " ind2=" ">
    <subfield code="a">616.89-008.434 C-73</subfield>
  </datafield>
  <datafield tag="245" ind1="0" ind2="0">
    <subfield code="a">Communication difficulties in childhood :</subfield>
    <subfield code="b">a practical guide /</subfield>
    <subfield code="c">edited by James Law, Alison Parkinson, with Rashmin Tamhne ; foreword by David Hall.</subfield>
  </datafield>
  <datafield tag="264" ind1=" " ind2=" ">
    <subfield code="a">Abingdon, Oxon :</subfield>
    <subfield code="b">Radcliffe Medical Press,</subfield>
    <subfield code="c">2000.</subfield>
  </datafield>
  <datafield tag="300" ind1=" " ind2=" ">
    <subfield code="a">338 p. :</subfield>
    <subfield code="b">ill. ;</subfield>
    <subfield code="c">25 cm.</subfield>
  </datafield>
  <datafield tag="650" ind1=" " ind2="0">
    <subfield code="a">Communicative disorders in children.</subfield>
    <subfield code="9">10708</subfield>
  </datafield>
  <datafield tag="653" ind1=" " ind2=" ">
    <subfield code="a">&#x10D9;&#x10DD;&#x10DB;&#x10E3;&#x10DC;&#x10D8;&#x10D9;&#x10D0;&#x10EA;&#x10D8;&#x10D8;&#x10E1; &#x10E1;&#x10D8;&#x10E0;&#x10D7;&#x10E3;&#x10DA;&#x10D4;&#x10D4;&#x10D1;&#x10D8; &#x10D1;&#x10D0;&#x10D5;&#x10E8;&#x10D5;&#x10DD;&#x10D1;&#x10D0;&#x10E8;&#x10D8;</subfield>
  </datafield>
  <datafield tag="653" ind1=" " ind2=" ">
    <subfield code="a">&#x10DB;&#x10D4;&#x10D3;&#x10D8;&#x10EA;&#x10D8;&#x10DC;&#x10D0;</subfield>
  </datafield>
  <datafield tag="700" ind1="1" ind2=" ">
    <subfield code="a">Parkinson, Alison.</subfield>
    <subfield code="e">&#x10E0;&#x10D4;&#x10D3;&#x10D0;&#x10E5;&#x10E2;&#x10DD;&#x10E0;&#x10D8;</subfield>
    <subfield code="9">10709</subfield>
  </datafield>
  <datafield tag="700" ind1="1" ind2=" ">
    <subfield code="a">Tamhne, Rashmin.</subfield>
    <subfield code="e">&#x10E0;&#x10D4;&#x10D3;&#x10D0;&#x10E5;&#x10E2;&#x10DD;&#x10E0;&#x10D8;</subfield>
    <subfield code="9">10710</subfield>
  </datafield>
  <datafield tag="700" ind1="1" ind2=" ">
    <subfield code="a">Law, James Christopher,</subfield>
    <subfield code="d">1956-</subfield>
    <subfield code="e">&#x10E0;&#x10D4;&#x10D3;&#x10D0;&#x10E5;&#x10E2;&#x10DD;&#x10E0;&#x10D8;</subfield>
    <subfield code="9">10711</subfield>
  </datafield>
  <datafield tag="942" ind1=" " ind2=" ">
    <subfield code="2">udc</subfield>
    <subfield code="c">BK</subfield>
  </datafield>
  <datafield tag="955" ind1=" " ind2=" ">
    <subfield code="a">nb05 to ASCD 5/30/2001;</subfield>
    <subfield code="i">jc09 2001-07-10</subfield>
    <subfield code="a">jc00 2001-07-13</subfield>
    <subfield code="a">aa19 2001-07-17</subfield>
  </datafield>
  <datafield tag="952" ind1=" " ind2=" ">
    <subfield code="0">0</subfield>
    <subfield code="1">0</subfield>
    <subfield code="2">udc</subfield>
    <subfield code="4">0</subfield>
    <subfield code="6">61689008434_C73</subfield>
    <subfield code="7">0</subfield>
    <subfield code="9">89976</subfield>
    <subfield code="a">CPL</subfield>
    <subfield code="b">CPL</subfield>
    <subfield code="c">GEN</subfield>
    <subfield code="d">2021-03-24</subfield>
    <subfield code="g">168.00</subfield>
    <subfield code="o">616.89-008.434 C-73</subfield>
    <subfield code="p">61264</subfield>
    <subfield code="r">2021-03-24</subfield>
    <subfield code="t">61264</subfield>
    <subfield code="w">2021-03-24</subfield>
    <subfield code="y">BK</subfield>
    <subfield code="z">168 &#x10DA;.</subfield>
  </datafield>
</record>
